| 000 | 01239cam a22003737a 4500 | ||
|---|---|---|---|
| 003 | CHAP | ||
| 005 | 20220817043030.0 | ||
| 008 | 971010s1975 r 00010 d | ||
| 010 | _a63410 | ||
| 011 | _a64382 | ||
| 035 | _a69697 | ||
| 040 | _cCHAP | ||
| 090 | _aFolleto 4608 | ||
| 100 | 0 | 0 |
_aParedes, Josefina. _985535 |
| 245 | 1 | 3 | _aEl núcleo y su desarrollo |
| 260 |
_aMéxico, D.F. : _bANUIES, _c1975 |
||
| 300 |
_a63 p. _b: ilus. ; gráfs. |
||
| 490 | 0 | _aTemas básicos | |
| 500 | _ac.4-5 en bodega | ||
| 590 |
_aBATCH-UPD _b10 _c20130110 _lUCH01 _h0313 |
||
| 590 |
_aBATCH-UPD _b10 _c20130110 _lUCH01 _h1443 |
||
| 590 |
_aBATCH-UPD _b10 _c20130409 _lUCH01 _h2346 |
||
| 590 |
_aBATCH-UPD _b10 _c20130914 _lUCH01 _h0420 |
||
| 590 |
_aCONVERSION _b10 _c20130109 _lUCH01 _h1334 |
||
| 650 | 1 | 4 |
_aNúcleo. _981895 |
| 700 | 0 |
_aHuerta, Luis Antonio. _956724 |
|
| 710 | 0 |
_aAsociación Nacional de Universidades e Institutos de Enseñanza Superior. México. _98095 |
|
| 830 | 0 | _aTemas basicos | |
| 901 | _aBK | ||
| 942 | _cFOLL | ||
| 949 |
_aFolleto 4608 _bBC _cFOLL _d-97029 _eTS1 _i69697 _si _t8.00 |
||
| 949 |
_aFolleto 4608 _bBC _cFOLL _d-97030 _eTS2 _fc.2 _i69697 _si _t8.00 |
||
| 949 |
_aFolleto 4608 _bBC _cFOLL _d-97031 _eTS2 _fc.3 _i69697 _si _t8.00 |
||
| 999 |
_c63410 _d63410 |
||